000 00848cab a2200301 4500
001 ABS59239
008 090401t1998 xxu||||| |||| 00| 0 eng d
035 _a(Sirsi) u88155
041 _aeng
100 _aFesting, H.
245 _aSo you want to start a farmers` market?
260 _c1998
350 _a0
490 _aTown & Country Planning
_v67(6) July 1998, 216-219(4)
520 _aConsiders the criteria for a successful farmers` market, looking at the US experience, and Bath farmers` market.
650 _aFARMERS MARKETS
650 _aLOCATION
650 _aMANAGEMENT
650 _aBUILT ENVIRONMENT-BUILDING MATERIALS
650 _aPROFITABILITY
650 _aREGULATIONS
650 _aSIZE
650 _aSPONSORS
650 _aUNITED STATES
690 _aRURAL PRACTICE
942 _n0
948 _c26/08/1998
999 _c55692
_d55692